USA 40K Cities on a Map: Pennsylvania - Statistics

General Stats
  • This quiz has been taken 21 times
  • The average score is 12 of 20
Answers on the Map
Answers color-coded by a green-red scale on the quiz's map according to % correct below.
 
Answer Stats
Answer % Correct
Philadelphia
100%
Pittsburgh
100%
Allentown
94%
Erie
94%
Harrisburg
94%
Scranton
94%
Lancaster
82%
State College
82%
York
82%
Altoona
76%
Wilkes-Barre
76%
Bethlehem
71%
Reading
71%
Upper Darby Township
29%
Bristol Township
24%
Levittown
24%
Penn Hills Township
18%
Lower Merion Township
12%
Abington Township
6%
Haverford Township
6%
No matching quizzes found
Score Distribution
Percent of People with Each Score
Percentile by Number Answered
Your Score History
You have not taken this quiz